Les meilleurs buteurs français en LDC - Statistiques

Statistiques générales
  • Ce quiz a été pris 473 fois
  • Le résultat moyen est 7 sur 10
Statistiques - réponses
Position Nom % Correct
2 Kylian Mbappé
99%
1 Karim Benzema
95%
3 Thierry Henry
92%
4 Antoine Griezmann
88%
6 Olivier Giroud
83%
9 Ousmane Dembélé
69%
5 David Trezeguet
62%
8 Franck Ribéry
51%
10 Kingsley Coman
36%
7 Nicolas Anelka
33%
Aucun quiz correspondant
Distribution des résultats
% des personnes avec chaque résultat
Percentile par nombre de réponses
Votre historique - résultats
Vous n’avez pas pris ce quiz